| 000 | 00689nam a2200217Ia 4500 | ||
|---|---|---|---|
| 003 | GCL | ||
| 008 | 140319s9999 xx 000 0 ara d | ||
| 020 | _a5372316977 | ||
| 040 |
_aGCL / _cGCL |
||
| 082 | 0 | 4 |
_a812.043 _bع ا |
| 100 | 1 | _aعلى احمد باكثير | |
| 245 | 1 | 0 |
_aالشيماء : _bشادية الاسلام / _cعلى احمد باكثير |
| 260 |
_aالقاهرة : _bمكتبة مصر ، _c1979 |
||
| 300 |
_a182 ص ؛ _c20 سم |
||
| 490 |
_aمطبوعات مكتبة مصر _v0 |
||
| 650 | 0 | 4 | _aالشعر العربى |
| 650 | 0 | 4 | _aالادب العربى |
| 650 | 0 | 4 | _aالمسرحيات |
| 650 | 0 | 4 | _aالمسرحيات العربية |
| 942 |
_2ddc _cBK |
||
| 999 |
_c33866 _d33866 |
||